Kakkonen 2025 - Statistics

Yleistilastot
  • Tätä visaa on pelattu 16 kertaa
  • Keskiarvotulos 16 / 30
Vastaustilastot
Maakunta Joukkue % Oikein
Uusimaa HPS
73%
Pirkanmaa Ilves/2
73%
Pirkanmaa TPV
73%
Pohjanmaa VPS Akatemia
73%
Keski-Pohjanmaa GBK
64%
Uusimaa Kiffen
64%
Uusimaa PPJ
64%
Pohjanmaa VIFK
64%
Uusimaa VJS
64%
Uusimaa Atlantis FC Akatemia
55%
Uusimaa FC Honka
55%
Pohjois-Pohjanmaa Hercules
55%
Kanta-Häme HJS
55%
Pohjanmaa JBK
55%
Keski-Suomi JPS
55%
Päijät-Häme Lahden Reipas
55%
Kymenlaakso MyPa
55%
Etelä-Karjala PEPO
55%
Etelä-Pohjanmaa SJK Akatemia/2
55%
Keski-Suomi FC Vaajakoski
45%
Uusimaa Grankulla IFK
45%
Kymenlaakso HaPK
45%
Pohjanmaa Närpes Kraft
45%
Pohjois-Savo Kuopion Elo
36%
Satakunta MuSa
36%
Satakunta Pallo-Iirot
36%
Lappi TP-47
36%
Uusimaa NJS
27%
Pohjois-Pohjanmaa OsPa
27%
Uusimaa PuiU
27%
Ehtoja vastaavia visoja ei löytynyt
Tulosjakauma
Jokaisen tuloksen saaneiden osuus
Persentiili vastausten määrän mukaan
Tuloshistoriasi
Et ole pelannut tätä visaa